000 00591nam a2200241Ia 4500
003 OSt
005 20220928144813.0
006 a|||||r|||| 00| 0
007 ta
008 220927b |||||||| |||| 00| 0 eng d
024 _a76180
037 _cTextual
040 _aSDCL
_cSDCL
_beng
041 _2eng
_aeng
082 _aS6, N0
100 _aDavison Gerald C
_9446199
245 0 _aAbnormal psychology.
250 _a5
260 _c1990
700 _a Neale John M
_9446200
942 _hS6, N0
_cTEXL
_2CC
999 _c829742
_d829742